[Event "4NCL Division 1a"]
[Site "Northampton, ENG"]
[Date "2017.02.11"]
[Round "5.11"]
[White "Howell, David W L"]
[Black "Toma, Katarzyna"]
[Result "1-0"]
[WhiteElo "2657"]
[BlackElo "2242"]
[PlyCount "87"]
[EventDate "2017.02.11"]
[WhiteTeam "Cheddleton 1"]
[BlackTeam "South Wales Dragons"]

1. d4 Nf6 2. c4 g6 3. Nf3 Bg7 4. g3 O-O 5. Bg2 d5 6. O-O dxc4 7. Na3 Nc6 8.
Nxc4 Be6 9. b3 Bd5 10. Bb2 a5 11. a4 Nb4 12. Qc1 c6 13. Rd1 Ne4 14. Nfe5 Nd6
15. Bh3 Be4 16. Nd7 Re8 17. Nc5 Bf5 18. Bxf5 gxf5 19. Rb1 Nd5 20. Qc2 Rb8 21.
Rbc1 e6 22. e3 Nb4 23. Qe2 Ne4 24. f3 Nd6 25. Ne5 Bh6 26. Bc3 f6 27. Bxb4 axb4
28. Ned3 Qe7 29. Nxb4 e5 30. d5 Rbc8 31. dxc6 bxc6 32. Rc2 Kh8 33. Kg2 Red8 34.
Rcd2 Nf7 35. Rxd8+ Nxd8 36. Nba6 Ne6 37. Rd7 Qe8 38. Qd3 e4 39. fxe4 Nxc5 40.
Nxc5 Bf8 41. Qd4 Qe5 42. Qxe5 fxe5 43. Ne6 fxe4 44. a5 1-0

[Event "4NCL Division 1a"]
[Site "Northampton, ENG"]
[Date "2017.02.11"]
[Round "5.12"]
[White "Cooper, John G"]
[Black "Fodor, Tamas Jr"]
[Result "0-1"]
[WhiteElo "2263"]
[BlackElo "2511"]
[PlyCount "58"]
[EventDate "2017.02.11"]
[WhiteTeam "South Wales Dragons"]
[BlackTeam "Cheddleton 1"]

1. c4 Nf6 2. Nc3 e5 3. Nf3 Nc6 4. g3 d5 5. cxd5 Nxd5 6. Bg2 Nb6 7. O-O Be7 8.
a3 O-O 9. b4 a6 10. d3 Be6 11. Bb2 f6 12. Ne4 Bd5 13. Ned2 Qd7 14. Rc1 Nd8 15.
e4 Bf7 16. d4 exd4 17. Bxd4 Nc6 18. Be3 Qd3 19. Bc5 Rfe8 20. Nb1 Rad8 21. Nc3
Bc4 22. Bxb6 cxb6 23. Nd5 b5 24. Qxd3 Bxd3 25. Rfe1 Bd6 26. Nd2 Be5 27. Bf1
Bxf1 28. Rxf1 f5 29. Rcd1 Bd4 0-1

[Event "4NCL Division 1a"]
[Site "Northampton, ENG"]
[Date "2017.02.11"]
[Round "5.13"]
[White "Hamitevici, Vladimir"]
[Black "Blackburn, Joathan Lb"]
[Result "1-0"]
[WhiteElo "2481"]
[BlackElo "2188"]
[PlyCount "57"]
[EventDate "2017.02.11"]
[WhiteTeam "Cheddleton 1"]
[BlackTeam "South Wales Dragons"]

1. d4 e6 2. Nf3 f5 3. h3 Nf6 4. g4 d5 5. c4 c5 6. gxf5 exf5 7. Nc3 cxd4 8. Nxd4
Bc5 9. Bg2 dxc4 10. Qa4+ Ke7 11. e3 Re8 12. O-O Kf8 13. Qxc4 Na6 14. a3 Rb8 15.
b4 Bxd4 16. exd4 Be6 17. d5 Rc8 18. Qd3 Qd7 19. Rd1 Bf7 20. Bg5 Bh5 21. Rd2 Ne4
22. Nxe4 fxe4 23. Bxe4 h6 24. Bf5 Qf7 25. Bh4 g5 26. Bxc8 Rxc8 27. Bg3 Qf6 28.
Qd4 Qf5 29. d6 1-0

[Event "4NCL Division 1a"]
[Site "Northampton, ENG"]
[Date "2017.02.11"]
[Round "5.14"]
[White "Zeidler, Sven P"]
[Black "Williams, Simon K"]
[Result "0-1"]
[WhiteElo "2190"]
[BlackElo "2448"]
[PlyCount "42"]
[EventDate "2017.02.11"]
[WhiteTeam "South Wales Dragons"]
[BlackTeam "Cheddleton 1"]

1. e4 c5 2. f4 d5 3. exd5 Nf6 4. Bb5+ Nbd7 5. c4 a6 6. Bxd7+ Bxd7 7. Nc3 e6 8.
Nf3 Be7 9. Ne5 exd5 10. cxd5 O-O 11. Qf3 b5 12. Nd1 Bf5 13. Nc6 Qd6 14. O-O Be4
15. Qe2 Rfe8 16. Ne3 Nxd5 17. Nxd5 Bxd5 18. Nxe7+ Rxe7 19. Qg4 Bc4 20. d3 Qd4+
21. Kh1 Bxd3 0-1

[Event "4NCL Division 1a"]
[Site "Northampton, ENG"]
[Date "2017.02.11"]
[Round "5.15"]
[White "Arkell, Keith C"]
[Black "James, David J"]
[Result "1-0"]
[WhiteElo "2406"]
[BlackElo "2123"]
[PlyCount "53"]
[EventDate "2017.02.11"]
[WhiteTeam "Cheddleton 1"]
[BlackTeam "South Wales Dragons"]

1. d4 Nf6 2. Nf3 e6 3. c4 b6 4. a3 d5 5. cxd5 exd5 6. Nc3 Be7 7. Bg5 O-O 8. e3
Be6 9. Be2 c5 10. O-O Nc6 11. Ne5 Nxe5 12. dxe5 Ne4 13. Bxe7 Nxc3 14. Bxd8 Nxd1
15. Bxb6 Nxf2 16. Bxc5 Rfc8 17. Bd4 Ne4 18. Ba6 Rc7 19. Rac1 Re7 20. Rc2 g5 21.
Rfc1 Rd8 22. Rc7 Rdd7 23. Rxd7 Rxd7 24. Bc8 Re7 25. Bxe6 fxe6 26. Rc8+ Kf7 27.
Ra8 1-0

[Event "4NCL Division 1a"]
[Site "Northampton, ENG"]
[Date "2017.02.11"]
[Round "5.16"]
[White "Morris, Charles F"]
[Black "Kirk, Ezra"]
[Result "0-1"]
[WhiteElo "2124"]
[BlackElo "2343"]
[PlyCount "82"]
[EventDate "2017.02.11"]
[WhiteTeam "South Wales Dragons"]
[BlackTeam "Cheddleton 1"]

1. Nf3 Nf6 2. g3 b5 3. Bg2 Bb7 4. O-O e6 5. c3 c5 6. d3 d5 7. Nbd2 Be7 8. a4 a6
9. axb5 axb5 10. Rxa8 Bxa8 11. Nb3 O-O 12. Be3 Nbd7 13. Qa1 Ng4 14. Bd2 e5 15.
Qa5 e4 16. Ne1 Qxa5 17. Nxa5 f5 18. Nc2 Bd8 19. Ra1 Nge5 20. Ne1 Bb6 21. b4
cxb4 22. cxb4 d4 23. Rc1 Bd5 24. Bf4 Ra8 25. Kf1 Kf8 26. h3 Ke7 27. dxe4 fxe4
28. Nd3 Kd6 29. Nxe5 Nxe5 30. Nc6 Bxc6 31. Rxc6+ Kd7 32. Rc1 Nc4 33. Bxe4 Ra4
34. Rb1 h6 35. Bc2 Ra3 36. Ke1 Bd8 37. Rd1 Bf6 38. e3 g5 39. Bf5+ Kd8 40. Bb8
Ra8 41. exd4 Rxb8 0-1

[Event "4NCL Division 1a"]
[Site "Northampton, ENG"]
[Date "2017.02.11"]
[Round "5.17"]
[White "Radovanovic, Jovica"]
[Black "Wilson, Julie"]
[Result "1-0"]
[WhiteElo "2318"]
[BlackElo "1870"]
[PlyCount "93"]
[EventDate "2017.02.11"]
[WhiteTeam "Cheddleton 1"]
[BlackTeam "South Wales Dragons"]

1. d4 Nf6 2. Nf3 e6 3. c4 b6 4. Nc3 Bb7 5. a3 Ne4 6. Nxe4 Bxe4 7. Nd2 Bb7 8. e4
d6 9. Be2 Be7 10. O-O Nd7 11. d5 O-O 12. b4 Bf6 13. Rb1 c6 14. dxc6 Bxc6 15.
Qb3 Qe7 16. Re1 Rac8 17. Bf1 Bb7 18. Nf3 Ne5 19. Bf4 Ng4 20. h3 Ne5 21. Rbd1
Nxf3+ 22. Qxf3 Rfd8 23. Qg3 e5 24. Bd2 Bh4 25. Qd3 Qf6 26. g3 Bg5 27. Bc3 Qg6
28. Kh2 Qf6 29. Re2 Qe6 30. Rc2 Rc7 31. h4 Be7 32. Bb2 Rdc8 33. Bh3 Qg6 34. Bf5
Qh5 35. Bxc8 Bxc8 36. c5 Bxh4 37. gxh4 Qxh4+ 38. Kg2 Qg4+ 39. Kf1 Qh5 40. f3
Qh1+ 41. Ke2 Qh2+ 42. Ke1 Qg1+ 43. Kd2 Qg5+ 44. Qe3 Qf6 45. cxb6 Rxc2+ 46. Kxc2
axb6 47. Kb1 1-0

[Event "4NCL Division 1a"]
[Site "Northampton, ENG"]
[Date "2017.02.11"]
[Round "5.21"]
[White "Bauer, Christian"]
[Black "Turner, Matthew J"]
[Result "1/2-1/2"]
[WhiteElo "2642"]
[BlackElo "2519"]
[PlyCount "138"]
[EventDate "2017.02.11"]
[WhiteTeam "3Cs 1"]
[BlackTeam "Barbican 4NCL 1"]

1. e4 e5 2. Nf3 Nf6 3. d3 Nc6 4. g3 g6 5. Bg2 Bg7 6. O-O O-O 7. c4 d6 8. h3 a6
9. Nc3 Rb8 10. Rb1 b5 11. cxb5 axb5 12. b4 Nd4 13. Nxd4 exd4 14. Ne2 Nd7 15.
Qc2 c5 16. Bf4 Rb6 17. Nc1 c4 18. dxc4 bxc4 19. Qxc4 g5 20. Bd2 Ne5 21. Qe2 g4
22. hxg4 Bxg4 23. f3 Be6 24. f4 Bc4 25. Qd1 Bxf1 26. Bxf1 d5 27. fxe5 Bxe5 28.
Qh5 Bxg3 29. Ne2 Bb8 30. e5 Re8 31. Bg5 Qc7 32. Bf6 Qc2 33. Qg5+ Qg6 34. Qxg6+
hxg6 35. Rb3 Bxe5 36. Bxe5 Rxe5 37. Nxd4 Re1 38. Kg2 Rd1 39. Nf3 g5 40. Be2 Ra1
41. Rb2 Rb8 42. Bd3 Rd1 43. Bc2 Rc1 44. Nxg5 f6 45. Ne6 Rxb4 46. Rxb4 Rxc2+ 47.
Kf3 Kf7 48. Nf4 Rxa2 49. Rb7+ Ke8 50. Kg4 d4 51. Kf5 d3 52. Nxd3 Kd8 53. Ke6
Kc8 54. Rh7 f5 55. Nb4 Rd2 56. Nd5 f4 57. Rc7+ Kb8 58. Rc3 f3 59. Rxf3 Rd1 60.
Kd6 Kb7 61. Rb3+ Ka6 62. Kc5 Rc1+ 63. Nc3 Rh1 64. Rb6+ Ka5 65. Rb3 Ka6 66. Nd5
Rc1+ 67. Kd6 Rh1 68. Kc6 Rh6+ 69. Kc5 Rh5 1/2-1/2

[Event "4NCL Division 1a"]
[Site "Northampton, ENG"]
[Date "2017.02.11"]
[Round "5.22"]
[White "Merry, Alan B"]
[Black "Gordon, Stephen J"]
[Result "0-1"]
[WhiteElo "2411"]
[BlackElo "2506"]
[PlyCount "77"]
[EventDate "2017.02.11"]
[WhiteTeam "Barbican 4NCL 1"]
[BlackTeam "3Cs 1"]

1. e4 c5 2. Nf3 d6 3. Bb5+ Nd7 4. c3 Ngf6 5. Qe2 a6 6. Ba4 Qc7 7. O-O c4 8. Bc2
e6 9. a4 Be7 10. Re1 O-O 11. Na3 d5 12. exd5 Bxa3 13. Rxa3 exd5 14. d3 Re8 15.
Qxe8+ Nxe8 16. Rxe8+ Nf8 17. dxc4 Qd7 18. Re1 dxc4 19. a5 Qc6 20. Be4 Qc7 21.
Be3 Be6 22. Bb6 Qd7 23. Ne5 Qb5 24. Bxb7 Rb8 25. Bf3 Bd5 26. Bxd5 Qxd5 27. Nf3
Nd7 28. Ra4 f6 29. Rb4 Nxb6 30. Rxb6 Rxb6 31. axb6 Qc6 32. Nd2 Qxb6 33. Nxc4
Qb3 34. Nd6 h5 35. h4 Qxb2 36. c4 Qd2 37. Re6 a5 38. g4 Qd1+ 39. Kh2 0-1

[Event "4NCL Division 1a"]
[Site "Northampton, ENG"]
[Date "2017.02.11"]
[Round "5.23"]
[White "Ashton, Adam G"]
[Black "D'Costa, Lorin A R"]
[Result "1/2-1/2"]
[WhiteElo "2365"]
[BlackElo "2391"]
[PlyCount "85"]
[EventDate "2017.02.11"]
[WhiteTeam "3Cs 1"]
[BlackTeam "Barbican 4NCL 1"]

1. e4 c5 2. Nf3 e6 3. c3 Nf6 4. e5 Nd5 5. d4 cxd4 6. cxd4 b6 7. Nc3 Nxc3 8.
bxc3 Qc7 9. Bd2 Bb7 10. Bd3 d6 11. O-O Nd7 12. exd6 Bxd6 13. Re1 O-O 14. h3 Bf4
15. Be3 Nf6 16. c4 Rad8 17. Qe2 Rfe8 18. Rad1 g6 19. Bc2 Nh5 20. Ba4 Rf8 21.
Bb3 Ba6 22. Bxf4 Qxf4 23. Qe5 Rc8 24. Qxf4 Nxf4 25. Re4 Nh5 26. d5 Nf6 27. Red4
exd5 28. cxd5 Be2 29. R1d2 Rc1+ 30. Kh2 Bxf3 31. gxf3 Rd8 32. d6 Kg7 33. Re2 b5
34. Re7 Rd7 35. Rxf7+ Rxf7 36. Bxf7 Kxf7 37. d7 Nxd7 38. Rxd7+ Kf6 39. Rxa7 Rc2
40. Kg3 b4 41. Rb7 Rxa2 42. Rxb4 Ra5 43. Rb6+ 1/2-1/2

[Event "4NCL Division 1a"]
[Site "Northampton, ENG"]
[Date "2017.02.11"]
[Round "5.24"]
[White "Franklin, Samuel G A"]
[Black "Longson, Alexander"]
[Result "1/2-1/2"]
[WhiteElo "2308"]
[BlackElo "2315"]
[PlyCount "118"]
[EventDate "2017.02.11"]
[WhiteTeam "Barbican 4NCL 1"]
[BlackTeam "3Cs 1"]

1. e4 e5 2. Nf3 Nc6 3. Bb5 a6 4. Ba4 Nf6 5. O-O Be7 6. Re1 b5 7. Bb3 d6 8. c3
O-O 9. h3 Nb8 10. d4 Nbd7 11. Nbd2 Bb7 12. Bc2 Re8 13. b3 Bf8 14. Bb2 g6 15. a4
Nh5 16. Bd3 c6 17. Bf1 Nf4 18. Qc2 Bg7 19. dxe5 dxe5 20. b4 Nb6 21. axb5 cxb5
22. c4 Bc6 23. Rad1 Qc8 24. c5 Bd7 25. Rc1 Na4 26. Ba1 f6 27. Nb3 Be6 28. Na5
Qc7 29. Nc4 bxc4 30. Qxa4 Nd3 31. Bxd3 cxd3 32. Red1 Red8 33. Rc3 Bf8 34. Rcxd3
a5 35. Rxd8 Rxd8 36. Rxd8 Qxd8 37. Qxa5 Qxa5 38. bxa5 Bxc5 39. Bc3 Bc4 40. Nd2
Bd3 41. g3 Kf7 42. Kg2 g5 43. Kf3 h5 44. Nb3 Ba7 45. Bb4 Bc4 46. Bc5 Bxb3 47.
Bxa7 Bc4 48. h4 gxh4 49. gxh4 Ke6 50. Ke3 f5 51. exf5+ Kxf5 52. Bb6 Ba6 53. Bd8
Bb5 54. Kd2 Ke4 55. Kc3 Ba6 56. Kb4 Kd5 57. Bc7 Be2 58. f4 exf4 59. Bxf4 Kc6
1/2-1/2

[Event "4NCL Division 1a"]
[Site "Northampton, ENG"]
[Date "2017.02.11"]
[Round "5.25"]
[White "Abbas, Daniel"]
[Black "Cox, John J"]
[Result "1/2-1/2"]
[WhiteElo "2288"]
[BlackElo "2317"]
[PlyCount "71"]
[EventDate "2017.02.11"]
[WhiteTeam "3Cs 1"]
[BlackTeam "Barbican 4NCL 1"]

1. e4 e5 2. Nf3 Nc6 3. Bb5 a6 4. Ba4 Nf6 5. d3 d6 6. c3 g6 7. O-O Bg7 8. Re1
O-O 9. Nbd2 b5 10. Bc2 Nb8 11. d4 Nbd7 12. a4 Bb7 13. Bd3 c6 14. Nb3 Re8 15.
dxe5 dxe5 16. c4 b4 17. c5 a5 18. Qc2 Qc7 19. h3 Nf8 20. Be3 Ne6 21. Rad1 Rad8
22. Bc4 Bc8 23. Bf1 Bf8 24. Nfd2 Nd7 25. Rc1 Kg7 26. Nc4 Ndxc5 27. Ncxa5 Nd4
28. Bxd4 exd4 29. Red1 Nxb3 30. Nxb3 Qa7 31. Qxc6 Bb7 32. Qc7 Rc8 33. Qd7 Rcd8
34. Qc7 Rc8 35. Qd7 Rcd8 36. Qc7 1/2-1/2

[Event "4NCL Division 1a"]
[Site "Northampton, ENG"]
[Date "2017.02.11"]
[Round "5.26"]
[White "Sowray, Peter J"]
[Black "Horton, Andrew P"]
[Result "1/2-1/2"]
[WhiteElo "2312"]
[BlackElo "2298"]
[PlyCount "56"]
[EventDate "2017.02.11"]
[WhiteTeam "Barbican 4NCL 1"]
[BlackTeam "3Cs 1"]

1. d4 Nf6 2. c4 e6 3. Nc3 Bb4 4. a3 Bxc3+ 5. bxc3 b6 6. e3 Ba6 7. Bd3 Nc6 8. e4
Na5 9. Qe2 h6 10. Rb1 O-O 11. e5 Ne8 12. Nh3 d5 13. cxd5 Bxd3 14. Qxd3 Qxd5 15.
O-O c5 16. Qg3 Kh7 17. Qh4 cxd4 18. cxd4 Nc6 19. Be3 Rc8 20. Rfc1 Rc7 21. a4
Ne7 22. Ng5+ Kg8 23. Ne4 Nf5 24. Qg4 Nxe3 25. fxe3 f5 26. exf6 Rxc1+ 27. Rxc1
Nxf6 28. Nxf6+ Rxf6 1/2-1/2

[Event "4NCL Division 1a"]
[Site "Northampton, ENG"]
[Date "2017.02.11"]
[Round "5.27"]
[White "Congiu, Mathilde"]
[Black "Taylor, Martin R"]
[Result "1/2-1/2"]
[WhiteElo "2225"]
[BlackElo "2338"]
[PlyCount "128"]
[EventDate "2017.02.11"]
[WhiteTeam "3Cs 1"]
[BlackTeam "Barbican 4NCL 1"]

1. e4 e5 2. Nf3 Nc6 3. Bc4 Bc5 4. b4 Bb6 5. a4 a6 6. Nc3 Nf6 7. O-O d6 8. Nd5
Nxd5 9. exd5 Nd4 10. Nxd4 Bxd4 11. c3 Ba7 12. d4 Qh4 13. g3 Qf6 14. dxe5 dxe5
15. Be3 O-O 16. Re1 Bd7 17. Bxa7 Rxa7 18. Qh5 Re8 19. Re3 Qd6 20. a5 Raa8 21.
Rae1 g6 22. Qe2 f6 23. Bb3 b5 24. h4 Kg7 25. h5 Rad8 26. Qd2 c5 27. h6+ Kf8 28.
bxc5 Qxc5 29. Rf3 Qd6 30. Qg5 Kf7 31. Qh4 Rc8 32. Rc1 e4 33. Re3 f5 34. Ree1
Kf8 35. c4 bxc4 36. Bxc4 Qe7 37. Qxe7+ Kxe7 38. Bxa6 Rxc1 39. Rxc1 Ra8 40. Bc4
Rxa5 41. d6+ Kxd6 42. Bg8 Ra8 43. Bxh7 Rh8 44. Bxg6 Rxh6 45. Rd1+ Ke7 46. Rxd7+
Kxd7 47. Bxf5+ Kd6 48. Bxe4 Ke5 49. Bf3 Rb6 50. Kg2 Rb2 51. Bc6 Rc2 52. Bb7 Kd4
53. g4 Rb2 54. Bc6 Rb6 55. Ba8 Rb3 56. f3 Ke3 57. Kg3 Rb1 58. Be4 Rg1+ 59. Kh4
Kf4 60. Kh5 Rh1+ 61. Kg6 Ra1 62. Kf6 Ra6+ 63. Ke7 Rb6 64. Kf7 Ra6 1/2-1/2

[Event "4NCL Division 1a"]
[Site "Northampton, ENG"]
[Date "2017.02.11"]
[Round "5.28"]
[White "Lauterbach, Ingrid"]
[Black "Walton, Alan J"]
[Result "1/2-1/2"]
[WhiteElo "2103"]
[BlackElo "2211"]
[PlyCount "40"]
[EventDate "2017.02.11"]
[WhiteTeam "Barbican 4NCL 1"]
[BlackTeam "3Cs 1"]

1. e4 e6 2. d3 d5 3. Nd2 Nf6 4. Ngf3 Nc6 5. g3 dxe4 6. dxe4 Bc5 7. Bg2 e5 8.
O-O O-O 9. c3 a5 10. Qc2 b6 11. Nc4 Ba6 12. Rd1 Qe7 13. Ne3 Bxe3 14. Bxe3 Rfd8
15. h3 Rxd1+ 16. Rxd1 Qe6 17. b3 Rd8 18. Rxd8+ Nxd8 19. Qd2 Nc6 20. Ne1 Qd7
1/2-1/2

[Event "4NCL Division 1a"]
[Site "Northampton, ENG"]
[Date "2017.02.11"]
[Round "5.31"]
[White "Zhou, Yang-Fan"]
[Black "Pigott, John C"]
[Result "1-0"]
[WhiteElo "2500"]
[BlackElo "2384"]
[PlyCount "67"]
[EventDate "2017.02.11"]
[WhiteTeam "Guildford 2"]
[BlackTeam "Kings Head"]

1. e4 e6 2. d3 d5 3. Qe2 Nf6 4. Nf3 Be7 5. g3 c5 6. Bg2 Nc6 7. O-O O-O 8. e5
Ne8 9. c4 Nc7 10. Nc3 a6 11. a4 b6 12. h4 Rb8 13. Rd1 b5 14. axb5 axb5 15. b3
bxc4 16. dxc4 h6 17. Ne4 Rxb3 18. Bf4 Bd7 19. Nd6 Rb4 20. Rac1 dxc4 21. Bd2 Ra4
22. Rxc4 Nxe5 23. Nxe5 Bxd6 24. Bxh6 Nd5 25. Nxd7 Qxd7 26. Bxg7 Rxc4 27. Bxf8
Nc3 28. Qxc4 Nxd1 29. Bh6 Be5 30. Qg4+ Kh8 31. Qh5 Bd4 32. Bd2+ Kg8 33. Qxd1
Bg7 34. Qc1 1-0

[Event "4NCL Division 1a"]
[Site "Northampton, ENG"]
[Date "2017.02.11"]
[Round "5.32"]
[White "Tukpetov, Evgeny"]
[Black "Suarez Real, Alberto"]
[Result "0-1"]
[WhiteElo "2247"]
[BlackElo "2424"]
[PlyCount "100"]
[EventDate "2017.02.11"]
[WhiteTeam "Kings Head"]
[BlackTeam "Guildford 2"]

1. e4 c5 2. Nc3 Nc6 3. Bc4 e6 4. d3 Nf6 5. Nge2 d5 6. Bb3 dxe4 7. Nxe4 Nxe4 8.
dxe4 Qxd1+ 9. Kxd1 b6 10. Bd2 Ba6 11. c3 O-O-O 12. f4 Be7 13. Bc2 Rd7 14. Ke1
Rhd8 15. Rd1 g6 16. Nc1 f5 17. e5 g5 18. Be3 gxf4 19. Bxf4 Rd5 20. Rxd5 Rxd5
21. b3 c4 22. bxc4 Bxc4 23. Bb3 Nxe5 24. Bxe5 Rxe5+ 25. Kd1 Bxb3+ 26. Nxb3 Bf6
27. Rf1 Re4 28. Rf3 Rg4 29. g3 Ra4 30. h3 h5 31. Nc1 Bg5 32. Rf2 Bxc1 33. Kxc1
Kd7 34. Kb2 Ke7 35. Rf3 Re4 36. Kb3 h4 37. gxh4 Rxh4 38. c4 Rh5 39. Kb4 e5 40.
Ra3 e4 41. Rxa7+ Kd6 42. Rf7 Ke5 43. c5 bxc5+ 44. Kxc5 Rxh3 45. a4 Ra3 46. Kb4
Ra1 47. a5 e3 48. Kb5 Ke4 49. a6 f4 50. a7 e2 0-1

[Event "4NCL Division 1a"]
[Site "Northampton, ENG"]
[Date "2017.02.11"]
[Round "5.33"]
[White "Flear, Glenn C"]
[Black "Sun, Xinyue"]
[Result "1-0"]
[WhiteElo "2426"]
[BlackElo "2130"]
[PlyCount "111"]
[EventDate "2017.02.11"]
[WhiteTeam "Guildford 2"]
[BlackTeam "Kings Head"]

1. d4 Nf6 2. c4 e6 3. Nf3 b6 4. e3 Bb7 5. Bd3 Bb4+ 6. Nbd2 O-O 7. O-O d5 8. b3
Nbd7 9. Bb2 Ne4 10. Qc2 f5 11. a3 Bd6 12. b4 Nxd2 13. Nxd2 dxc4 14. Nxc4 Bxh2+
15. Kxh2 Qh4+ 16. Kg1 Bxg2 17. f3 Rf6 18. Qxg2 Rg6 19. Qxg6 hxg6 20. Kg2 f4 21.
exf4 Qxf4 22. Rae1 Nf6 23. Rxe6 Qg5+ 24. Kf2 Qh4+ 25. Ke2 Nh5 26. Kd2 Nf4 27.
Re4 Qh2+ 28. Be2 c5 29. Ne5 Nxe2 30. Rxe2 Qf4+ 31. Kd3 cxd4 32. Bxd4 Qf5+ 33.
Re4 a5 34. b5 Qe6 35. Nc4 Qh3 36. Rf2 Rf8 37. Ke3 Qh1 38. Bxb6 Qe1+ 39. Kd3
Qb1+ 40. Kc3 Qxb5 41. Bxa5 Qb1 42. Bb4 Rd8 43. Rd2 Qc1+ 44. Kb3 Qb1+ 45. Nb2
Rc8 46. Rd7 Qf1 47. Ree7 Qxf3+ 48. Ka2 Qf6 49. Bd6 Ra8 50. Be5 Qa6 51. Rxg7+
Kf8 52. Bd6+ Qxd6 53. Rxd6 Kxg7 54. Nd3 g5 55. Ne5 Kh7 56. Rg6 1-0

[Event "4NCL Division 1a"]
[Site "Northampton, ENG"]
[Date "2017.02.11"]
[Round "5.34"]
[White "Guthrie, David"]
[Black "Sarakauskas, Gediminas"]
[Result "0-1"]
[WhiteElo "2168"]
[BlackElo "2414"]
[PlyCount "86"]
[EventDate "2017.02.11"]
[WhiteTeam "Kings Head"]
[BlackTeam "Guildford 2"]

1. d4 d6 2. e4 Nf6 3. Nc3 c6 4. Nf3 Bg4 5. Be2 e6 6. O-O d5 7. Bg5 Be7 8. exd5
cxd5 9. Ne5 Bxe2 10. Nxe2 Nbd7 11. Ng3 Nxe5 12. dxe5 Nd7 13. Bxe7 Qxe7 14. Qe2
O-O 15. Rad1 Rfc8 16. c3 Rc4 17. Qe3 b5 18. b3 Rc7 19. Rd4 Rac8 20. Ne2 a5 21.
a4 Qa3 22. Rg4 bxa4 23. bxa4 Rc4 24. Nd4 Qxc3 25. Qg5 g6 26. Nb5 Qxe5 27. Rxc4
dxc4 28. Qe7 Nb6 29. Nd6 Rf8 30. g3 Qc5 31. Rb1 c3 32. Rb5 Qa3 33. Rxb6 c2 34.
Rc6 c1=Q+ 35. Rxc1 Qxc1+ 36. Kg2 Qc6+ 37. f3 Qxa4 38. Ne4 Qc2+ 39. Kh3 h6 40.
g4 Qc6 41. Kg3 Rc8 42. Kh4 Qc7 43. Nf6+ Kh8 0-1

[Event "4NCL Division 1a"]
[Site "Northampton, ENG"]
[Date "2017.02.11"]
[Round "5.35"]
[White "Wadsworth, Matthew J"]
[Black "Wittmann, Jochen"]
[Result "1-0"]
[WhiteElo "2350"]
[BlackElo "2102"]
[PlyCount "105"]
[EventDate "2017.02.11"]
[WhiteTeam "Guildford 2"]
[BlackTeam "Kings Head"]

1. c4 f5 2. g3 Nf6 3. Bg2 g6 4. Nc3 Bg7 5. d3 d6 6. e4 fxe4 7. dxe4 O-O 8. Nge2
Nc6 9. O-O Be6 10. b3 Qc8 11. f3 Bh3 12. Be3 Bxg2 13. Kxg2 Qd7 14. Rc1 Rad8 15.
Qd2 e6 16. Rcd1 a6 17. h3 Rfe8 18. f4 Qc8 19. Qc2 b6 20. Kh2 Rf8 21. g4 Qb7 22.
Ng3 Nb4 23. Qd2 c5 24. g5 Ne8 25. f5 exf5 26. exf5 gxf5 27. Nxf5 Be5+ 28. Kg1
Ng7 29. Nh6+ Kh8 30. a3 Nc6 31. Nd5 Nd4 32. Bxd4 Bxd4+ 33. Kg2 Ne6 34. Rde1 Be5
35. Kg1 Bd4+ 36. Kh1 Be5 37. Qg2 Qg7 38. h4 Qg6 39. Ne7 Qh5 40. Qg4 Qxg4 41.
Nxg4 Nd4 42. Kg2 Nxb3 43. Nh6 Nd2 44. Nf7+ Kg7 45. Nxd8 Rxd8 46. Rf2 Nxc4 47.
h5 b5 48. h6+ Kh8 49. Rf7 Bc3 50. g6 hxg6 51. Nxg6+ Kg8 52. Ree7 Ne3+ 53. Kh1
1-0

[Event "4NCL Division 1a"]
[Site "Northampton, ENG"]
[Date "2017.02.11"]
[Round "5.36"]
[White "Mackenzie, Colin"]
[Black "Kilpatrick, Callum"]
[Result "0-1"]
[WhiteElo "2095"]
[BlackElo "2355"]
[PlyCount "152"]
[EventDate "2017.02.11"]
[WhiteTeam "Kings Head"]
[BlackTeam "Guildford 2"]

1. c4 Nf6 2. g3 g6 3. Bg2 Bg7 4. Nc3 O-O 5. d3 d6 6. Bg5 c5 7. Nf3 Nc6 8. O-O
h6 9. Bd2 e5 10. Ne1 Be6 11. Nc2 d5 12. cxd5 Nxd5 13. Ne3 Nde7 14. Re1 Rc8 15.
Nc2 Kh7 16. Rb1 a5 17. Na3 b6 18. Nab5 Nd4 19. Qa4 Bd7 20. Qc4 Be6 21. Qa4 Nec6
22. Nxd4 Nxd4 23. e3 Nf5 24. Qc2 Qd7 25. Rbd1 Rfd8 26. Bc1 b5 27. b3 Nd6 28.
Nd5 Qa7 29. a4 b4 30. e4 Ne8 31. Ne3 Nc7 32. Bb2 Na6 33. Nc4 Qc7 34. Qc1 Nb8
35. Qe3 f6 36. f4 exf4 37. gxf4 Nc6 38. Qxc5 Qxf4 39. Rf1 Qg4 40. Ne3 Qg5 41.
Qxg5 fxg5 42. Bxg7 Kxg7 43. Nc4 Nd4 44. Rb1 Ne2+ 45. Kf2 Nf4 46. Rfd1 Nxd3+ 47.
Ke3 Bxc4 48. bxc4 Ne5 49. Bf1 Nxc4+ 50. Bxc4 Rxd1 51. Rxd1 Rxc4 52. Rd5 b3 53.
Rb5 Rxa4 54. Rxb3 Rb4 55. Rc3 a4 56. Rc6 Rb2 57. Ra6 Rxh2 58. Rxa4 Rc2 59. Ra7+
Kf6 60. Ra6+ Ke5 61. Ra5+ Kd6 62. Kd4 Rd2+ 63. Ke3 Rd1 64. Ra6+ Ke5 65. Rxg6
Rh1 66. Kf3 Rh3+ 67. Kg2 Rh4 68. Ra6 Rg4+ 69. Kh3 h5 70. Ra5+ Kf4 71. e5 Rg3+
72. Kh2 Re3 73. Ra8 Rxe5 74. Rh8 Re2+ 75. Kg1 Kg3 76. Kf1 Rf2+ 0-1

[Event "4NCL Division 1a"]
[Site "Northampton, ENG"]
[Date "2017.02.11"]
[Round "5.37"]
[White "Povah, Nigel E"]
[Black "Gilfillan, Andrew"]
[Result "1-0"]
[WhiteElo "2287"]
[BlackElo "2072"]
[PlyCount "75"]
[EventDate "2017.02.11"]
[WhiteTeam "Guildford 2"]
[BlackTeam "Kings Head"]

1. d4 d5 2. Bg5 f6 3. Bf4 Nc6 4. Nf3 Bg4 5. Nbd2 Nxd4 6. Nxd4 e5 7. h3 Bh5 8.
N2b3 Qd7 9. Bh2 exd4 10. Qxd4 Qc6 11. O-O-O Ne7 12. g4 Bg6 13. Rd2 a5 14. a4
Qc4 15. Qxc4 dxc4 16. Nc5 c3 17. bxc3 Nd5 18. Rxd5 Bf7 19. Rf5 g6 20. Rxf6 Bxc5
21. Bxc7 Ke7 22. Rf4 Rhc8 23. Be5 g5 24. Rxf7+ Kxf7 25. e3 Ke6 26. Bd4 Bxd4 27.
cxd4 Rc3 28. Kb2 Rac8 29. Bd3 R8c7 30. Bxh7 Kd5 31. Bd3 R3c6 32. h4 Rh6 33. h5
Rf7 34. c4+ Kd6 35. Bf5 Kc7 36. Kc3 Rb6 37. h6 Rff6 38. h7 1-0

[Event "4NCL Division 1a"]
[Site "Northampton, ENG"]
[Date "2017.02.11"]
[Round "5.38"]
[White "Disu, Kayode"]
[Black "Ciuksyte, Dagne"]
[Result "0-1"]
[WhiteElo "2087"]
[BlackElo "2314"]
[PlyCount "85"]
[EventDate "2017.02.11"]
[WhiteTeam "Kings Head"]
[BlackTeam "Guildford 2"]

1. d4 Nf6 2. Bf4 e6 3. e3 c5 4. Nf3 b6 5. Be2 Bb7 6. O-O Be7 7. h3 O-O 8. c3
Nc6 9. Nbd2 cxd4 10. cxd4 d6 11. a4 Qd7 12. Nc4 Rfe8 13. a5 b5 14. a6 bxc4 15.
axb7 Qxb7 16. Bxc4 Qxb2 17. Qa4 Qb7 18. Rfb1 Qc7 19. Bb5 Rec8 20. Bxc6 Qxc6 21.
Qxc6 Rxc6 22. Rb7 Nd5 23. Raxa7 Rxa7 24. Rxa7 Nxf4 25. Rxe7 Kf8 26. Rd7 h6 27.
Ra7 Rc3 28. Ra6 Nxh3+ 29. Kh2 Nxf2 30. Rxd6 Ng4+ 31. Kg3 Nxe3 32. Rd7 Nd5 33.
Kh2 Rc7 34. Rd8+ Ke7 35. Rg8 Kf6 36. Ne5 Nf4 37. Ng4+ Kg6 38. Ne5+ Kh7 39. Rf8
f6 40. Nf3 Rc2 41. Nh4 Rd2 42. Rd8 e5 43. Rd7 0-1

[Event "4NCL Division 1a"]
[Site "Northampton, ENG"]
[Date "2017.02.11"]
[Round "5.41"]
[White "Hoffmann, Hendrik"]
[Black "Gormally, Daniel W"]
[Result "1/2-1/2"]
[WhiteElo "2336"]
[BlackElo "2473"]
[PlyCount "80"]
[EventDate "2017.02.11"]
[WhiteTeam "Celtic Tigers "]
[BlackTeam "Blackthorne Russia"]

1. e4 c5 2. c3 d5 3. exd5 Qxd5 4. d4 Nf6 5. Nf3 e6 6. Be3 cxd4 7. cxd4 Bb4+ 8.
Nc3 O-O 9. Bd3 b6 10. O-O Bxc3 11. bxc3 Ba6 12. Bxa6 Nxa6 13. Qa4 Nb8 14. c4
Qc6 15. Qb3 Nbd7 16. a4 Rfc8 17. Rfc1 h6 18. h3 Qe4 19. a5 Rab8 20. Qa4 Rb7 21.
Nd2 Qf5 22. axb6 axb6 23. Qb3 Rbc7 24. f3 Rc6 25. Ra7 e5 26. Re1 exd4 27. Bxd4
Rd6 28. Bxf6 Rxd2 29. Bc3 Nc5 30. Qb1 Rd3 31. Bb4 Rcd8 32. Bxc5 Qxc5+ 33. Kh1
Re3 34. Rxe3 Qxe3 35. Rb7 Qe2 36. Kh2 Qe5+ 37. Kh1 Re8 38. Qxb6 Qa1+ 39. Kh2
Qe5+ 40. Kh1 Qa1+ 1/2-1/2